Animals by the Picture #1 - Statistics

General Stats
  • This quiz has been taken 33 times
  • The average score is 13 of 14
Answer Stats
Picture Answer % Correct
Fox
100%
Kangaroo
100%
Panda
100%
Turtle / Sea Turtle
100%
Snail
96%
Crab
93%
Goat
93%
Horse
93%
Tiger
93%
Turkey
89%
Panther
86%
Racoon
86%
Otter
82%
Lemur
61%
No matching quizzes found
Score Distribution
Percent of People with Each Score
Percentile by Number Answered
Your Score History
You have not taken this quiz